Maintenance Asphalt in Pavement Maintenance / (Record no. 1499)

000 -LEADER
fixed length control field 00279 a2200097 4500
082 ## - DEWEY DECIMAL CLASSIFICATION NUMBER
Classification number 625.8 ASP
245 ## - TITLE STATEMENT
Title Maintenance Asphalt in Pavement Maintenance /
Statement of responsibility, etc. Asphalt Institute
250 ## - EDITION STATEMENT
Edition statement 3rd.ed.
260 ## - PUBLICATION, DISTRIBUTION, ETC.
Place of publication, distribution, etc. Lexington :
Date of publication, distribution, etc. asphalt institute
300 ## - PHYSICAL DESCRIPTION
Extent 80p. :
Other physical details ill . ;
Dimensions 20cm
650 ## - SUBJECT ADDED ENTRY--TOPICAL TERM
Topical term or geographic name entry element pavement maintenance
Holdings
Withdrawn status Lost status Damaged status Not for loan Permanent Location Current Location Shelving location Date acquired Total Checkouts Full call number Barcode Date last seen Price effective from Koha item type Date last checked out
        School of Civil and Environmental Engineering (SCEE) School of Civil and Environmental Engineering (SCEE)       625.8 ASP NIT-2474 01/05/2017 01/05/2017 Book  
        School of Civil and Environmental Engineering (SCEE) School of Civil and Environmental Engineering (SCEE)   01/05/2017     NIT-2475 01/31/2022 01/05/2017 Book  
        School of Civil and Environmental Engineering (SCEE) School of Civil and Environmental Engineering (SCEE)   01/05/2017 1   NIT-2476 03/14/2023 01/05/2017 Book 01/14/2022
© 2023 Central Library, National University of Sciences and Technology. All Rights Reserved.